Internal stresses and structure of multilayer coatings on the basis of Zr-Y-O/Si-Al-N; AIP Conference Proceedings; Vol. 1623 : International Conference on Physical Mesomechanics of Multilevel Systems 2014, Tomsk, Russia, 3–5 September 2014
| Parent link: | AIP Conference Proceedings Vol. 1623 : International Conference on Physical Mesomechanics of Multilevel Systems 2014, Tomsk, Russia, 3–5 September 2014.— 2014.— [P. 147-150] |
|---|---|
| Συγγραφή απο Οργανισμό/Αρχή: | |
| Άλλοι συγγραφείς: | , , , |
| Περίληψη: | Title screen X-ray and TEM research of the structure of multilayered coatings consisting of the alternating layers Si-Al-N and Zr-Y-O of equal thickness are carried out. It is shown that the boundaries between different layers are sharp enough, and the chemical composition in each layer is homogeneous. The phase composition of the layers on the basis of Zr-Y-O contains basicallynanocrystalline ZrO[2] and the layers on the basis of Si-Al-N contain Si[3]N[4] amorphous phase. The internal field of stresses is determined by X-ray and TEM analyses. It is established that thecrystal lattice curvaturetorsion and the internal elastic stresses depend on the grain cross-section size of the Zr-Y-O layer. Режим доступа: по договору с организацией-держателем ресурса |
| Γλώσσα: | Αγγλικά |
| Έκδοση: |
2014
|
| Θέματα: | |
| Διαθέσιμο Online: | http://dx.doi.org/10.1063/1.4898904 http://earchive.tpu.ru/handle/11683/35688 |
| Μορφή: | Ηλεκτρονική πηγή Κεφάλαιο βιβλίου |
| KOHA link: | https://koha.lib.tpu.ru/cgi-bin/koha/opac-detail.pl?biblionumber=641640 |
MARC
| LEADER | 00000nla2a2200000 4500 | ||
|---|---|---|---|
| 001 | 641640 | ||
| 005 | 20251125135454.0 | ||
| 035 | |a (RuTPU)RU\TPU\network\6557 | ||
| 035 | |a RU\TPU\network\6556 | ||
| 090 | |a 641640 | ||
| 100 | |a 20150526a2014 k y0engy50 ba | ||
| 101 | 0 | |a eng | |
| 102 | |a US | ||
| 105 | |a y z 100zy | ||
| 135 | |a drcn ---uucaa | ||
| 181 | 0 | |a i | |
| 182 | 0 | |a b | |
| 200 | 1 | |a Internal stresses and structure of multilayer coatings on the basis of Zr-Y-O/Si-Al-N |f M. V. Fedorischeva [et al.] | |
| 203 | |a Text |c electronic | ||
| 300 | |a Title screen | ||
| 320 | |a [References: p. 150 (14 tit.)] | ||
| 330 | |a X-ray and TEM research of the structure of multilayered coatings consisting of the alternating layers Si-Al-N and Zr-Y-O of equal thickness are carried out. It is shown that the boundaries between different layers are sharp enough, and the chemical composition in each layer is homogeneous. The phase composition of the layers on the basis of Zr-Y-O contains basicallynanocrystalline ZrO[2] and the layers on the basis of Si-Al-N contain Si[3]N[4] amorphous phase. The internal field of stresses is determined by X-ray and TEM analyses. It is established that thecrystal lattice curvaturetorsion and the internal elastic stresses depend on the grain cross-section size of the Zr-Y-O layer. | ||
| 333 | |a Режим доступа: по договору с организацией-держателем ресурса | ||
| 461 | 0 | |0 (RuTPU)RU\TPU\network\4816 |t AIP Conference Proceedings | |
| 463 | 0 | |0 (RuTPU)RU\TPU\network\4814 |t Vol. 1623 : International Conference on Physical Mesomechanics of Multilevel Systems 2014, Tomsk, Russia, 3–5 September 2014 |o [proceedings] |f National Research Tomsk Polytechnic University (TPU) |v [P. 147-150] |d 2014 | |
| 610 | 1 | |a электронный ресурс | |
| 610 | 1 | |a труды учёных ТПУ | |
| 610 | 1 | |a внутреннее напряжение | |
| 610 | 1 | |a многослойные покрытия | |
| 610 | 1 | |a фазовый состав | |
| 610 | 1 | |a слои | |
| 610 | 1 | |a рентгеновские исследования | |
| 610 | 1 | |a ПЭМ | |
| 610 | 1 | |a просвечивающая электронная микроскопия | |
| 701 | 1 | |a Fedorischeva |b M. V. |g Marina | |
| 701 | 1 | |a Sergeev |b V. P. |c specialist in the field of materials science |c Professor of Tomsk Polytechnic University, doctor of technical Sciences |f 1949- |g Viktor Petrovich |3 (RuTPU)RU\TPU\pers\32730 |9 16615 | |
| 701 | 1 | |a Kalashnikov |b M. P. |c physicist |c Engineer of Tomsk Polytechnic University |g Mark Petrovich |3 (RuTPU)RU\TPU\pers\33561 | |
| 701 | 1 | |a Voronov |b A. V. |g Andrei | |
| 712 | 0 | 2 | |a Национальный исследовательский Томский политехнический университет |c (2009- ) |9 26305 |
| 801 | 2 | |a RU |b 63413507 |c 20170109 |g RCR | |
| 856 | 4 | |u http://dx.doi.org/10.1063/1.4898904 | |
| 856 | 4 | |u http://earchive.tpu.ru/handle/11683/35688 | |
| 942 | |c CF | ||